Quizzes
Events
Quiz Creation
Community
Videos
Private Events
Remove Ads
Sign In
Join for FREE
Feedback
Dark Mode
Quiz Categories
Sports
Geography
Music
Movies
Television
Just For Fun
Miscellaneous
History
Literature
Language
Science
Gaming
Entertainment
Religion
Holiday
For Kids
Quiz Lab
Recent
Popular Today
Quiz Kudos Today
Editor Picks
Curator Picks
Quizzes by...
Day
Popularity
Type
Ratings
Length
Year
Community
Subscriptions
Recent Discussions
Orange Saloon
Badges
Playlists
Quests
Create
Leaderboards
Showdown
Live 5
Trivia Bingo
Activity
Puzzle Library
Sporcle Events
Private Events
Virtual Trivia
Globe League
Become a Host
Pub Owners
SporcleCon
Opinionation
Our Games
Videos
Blog
Mobile Apps
Partnerships
Remove Ads and Go Orange
Feedback
Sports
Athletes
MLB
NBA
NHL
NFL
Soccer
Sports Teams
WWE
NCAA
Football
Premier League
Basketball
Baseball
Hockey
Golf
Tennis
Cricket
Rugby
Auto Racing
Olympics
World Cup
Sports
Athletes
MLB
NBA
NHL
NFL
Soccer
Sports Teams
WWE
NCAA
Football
Premier League
Basketball
Baseball
Hockey
Golf
Tennis
Cricket
Rugby
Auto Racing
Olympics
World Cup
Random Quiz
Search Sporcle
×
Quiz Lab
Quiz Lab
Sports
NFL
Type in answers that appear in a list
Type in answers that appear in a list
Classic
Best Score? Go Orange.
Athletes who wore #53 thru #55 Stats
Can you name the Athletes who wore #53, #54, or #55 on their Jersey?
By
geowiz85
7m
28 Questions
76 Plays
76 Plays
76 Plays
Comments
Comments
Give Quiz Kudos
Give Quiz Kudos
-
- Ratings
hide this ad
More Info
Replay
Link that replays current quiz
Next Quiz
Link to next quiz in quiz playlist
You Got
0%
They Got
Avg Score
28%
Avg Friend Score
Upgrade to see
Score Distribution
Jump to the score distribution portion of the page
Score
0/28
Timer
07:00
0
Plays Today
number
Player
% Correct
54
Brian Urlacher
67.1%
55
Terrell Suggs
51.3%
54
Teddy Bruschi
50%
55
Derrick Brooks
48.7%
54
Zach Thomas
47.4%
53
Mark Eaton
44.7%
54
Horace Grant
44.7%
55
Tim Lincecum
39.5%
55
Lance Briggs
36.8%
53
Don Drysdale
35.5%
53
Harry Carson
32.9%
53
Bobby Abreu
31.6%
53
Darryl Dawkins
27.6%
54
Goose Gossage
27.6%
number
Player
% Correct
55
Jason Williams
27.6%
55
Dikembe Mutombo
25%
53
Maurkice Pouncey
22.4%
54
Brad Lidge
19.7%
54
Hideki Matsui
15.8%
55
Russell Martin
15.8%
53
Artis Gilmore
15.8%
53
Trevor Cahill
14.5%
54
Randy White
14.5%
55
Orel Hershiser
13.2%
53
Mick Tinglehoff
10.5%
55
Sergei Gonchar
10.5%
54
Mike Peterson
7.9%
55
Kenny Powers
5.3%
Quiz Playlist
Details
Report
Send in Message
Add To Playlist
More Info:
*- Years refers to time spent with primary team while wearing that number. ^- Fictional player
Classic:
Type in answers that appear in a list
Last Updated: Feb 16, 2017
Quiz Scoreboard
CHALLENGE
Sign Up to Join the Scoreboard
Show All
Scores
Hide
Comments
May contain spoilers
Recently Published
Movies - When Are They Set?
by FPL_Elf
Movies
5m
Popular People in 1961
by mucciniale
History
6m
1-10 Letter E Words III
by El_Dandy
Language
2m
More to Explore
Quiz From the Vault
Featured Blog Post
Where Did the Easter Bunny Come From?
hide this ad
You Might Also Like...
Tags
Baseball Quiz
Basketball Quiz
MLB Quiz
NBA Quiz
NFL Quiz
NHL Quiz
Jersey Numbers
Today's Top Quizzes in Sports
Browse Sports
hide this ad
Today's Top Quizzes in NFL
Browse NFL
Top Contributed Quizzes in Sports
1
Les meilleurs buteurs des matchs entre le PSG et l’OM
2
Les entraîneurs de l'OM et du PSG au 21e siècle
3
FIFA Club World Cup Champions
4
2022 World Cup Stars
5
Name the Premier League winners with different clubs
6
La finale Lions - Afrique du Sud 2021
7
Criteria MLB: Left Handed Sluggers
8
Players with Multiple 50 Home Run Seasons
9
MLB Players with Two .350 Batting Average Seasons
10
MLB Hall of Famer by Rings
Explore More
Trending Topics
Disney
Anime
Harry Potter
Marvel
Kpop
NBA
Crossword
WWE
Puzzle
Country
Pokémon
Soccer
NFL
The Office
Song
hide this ad
More By:
geowiz85
Quiz
Plays
Rating
Category
Featured
Created
Actors by Most AFI Top 100 Films
123,891
4.57
Movies
Nov 24, 2010
Biggest North American Cities on Rivers
101,462
3.83
Geography
Jun 9, 2010
Movie Antonyms All Men Should Know
4,704
2.48
Movies
Mar 31, 2010
1985 Chicago Bears
3,262
3.90
Sports
Oct 2, 2009
US Highest Crime Rates
2,434
4.40
Geography
Dec 6, 2009
Go to Creator's Profile
Score Distribution
Quiz Creator Spotlight
geowiz85
Follow
Send a Message
Quizzes Created
-
Created Quiz Play Count
-
More By This Creator
Popular Quizzes Today
1
Find the US States - No Outlines Minefield
2
Find the Countries of Europe - No Outlines Minefield
3
The Countries of the World
4
Popular People in 1961
5
1-10 Letter E Words III
6
US States
7
Find the US States
8
One Thing in Common: World Cities II
More Sports Quizzes
All-time English Football Top Flight Clubs
Editor's Pick
Trending Quizzes
Risky Map Clicking: Least Populous States A-Z
1-10 Letter F Words
1-10 Letter G Words
One Thing in Common: United Kingdom
Risky Map Clicking: Next State Alphabetically
Recently Updated
Leaping Animals
pecheneg
Reality TV Shows (A-Z)
bhenderson79
Rickey Henderson's Hall of Fame Teammates
pecheneg
Champions League XIs: Arsenal
pecheneg
Quick Pick: Celebrities in WWE's Hall of Fame
aduchscher
A-Z Keypad Blitz II
pecheneg
Multiple Oscar Actors
pecheneg
Mystery Phrase Blitz: Oscar 'Best Actors'
pecheneg
F. Scott Fitzgerald Novels
LTH
Pick 3 Villains
ddd62291
Trending Topics
Disney
Harry Potter
NBA
Marvel
Anime
Kpop
Crossword
Song
NFL
Pokémon
WWE
Country
Puzzle
The Office
Soccer
Your Account Isn't Verified!
In order to create a playlist on Sporcle, you need to verify the email address you used during registration. Go to your
Sporcle Settings
to finish the process.
Report this User
Report this user for behavior that violates our
Community Guidelines
.
Details:
Send Report
Go to the Sporcle.com Mobile Site →
Comments